000 01476cam a22003737a 4500
003 CHAP
005 20220329134147.0
008 971013s1976 r 00010 d
010 _a16334
011 _a17306
035 _a21389
040 _cCHAP
082 _a634
_bG8
100 0 0 _aGutiérrez Samperio, Jorge.
_951832
245 1 3 _aLa mosca del mediterráneo (Ceratitis capitata (Ceratitis capitata (Wied) y los factores ecológicos que favorecen su establecimientos y propagación en México
260 _aMéxico, D.F., :
_bDirección General de Sanidad Vegetal,
_c1976
300 _a233 p.
_b: ilus. ; gráfs
500 _ac.6-12 en bodega
590 _aBATCH-UPD
_b10
_c20130110
_lUCH01
_h1250
590 _aBATCH-UPD
_b10
_c20130410
_lUCH01
_h0812
590 _aBATCH-UPD
_b10
_c20130914
_lUCH01
_h1250
590 _aCONVERSION
_b10
_c20130109
_lUCH01
_h1310
650 1 4 _aEcología vegetal.
_935188
650 1 4 _aFruta
_xPlagas.
_943646
650 1 4 _aFruticultura
_zMéxico.
_943762
650 1 4 _aMosca del Mediterráneo.
_978991
901 _aBK
942 _cLIBRO
949 _a634 G8
_bBC
_cLIBRO
_d33724000219218
_eLIBRO
_fc.2
_h61287
_i21389
_si
949 _a634 G8
_bBC
_cLIBRO
_d33724000219739
_eLIBRO
_h40883
_i21389
_mD
_si
949 _a634 G8
_bBC
_cLIBRO
_d33724000219754
_eLIBRO
_fc.3
_h61288
_i21389
_mD
_si
949 _a634 G8
_bBC
_cLIBRO
_d33724000220125
_eLIBRO
_fc.4
_h61289
_i21389
_mD
_si
949 _a634 G8
_bBC
_cLIBRO
_d33724000220133
_eLIBRO
_fc.5
_h61290
_i21389
_mD
_si
999 _c16334
_d16334